[Event "Dundee & Angus op"]
[Site "Dundee"]
[Date "2014.10.11"]
[Round "5"]
[White "Rodriguez, Luis Rubio"]
[Black "Robinson, Stephen"]
[Result "0-1"]
[WhiteElo "1825"]
[BlackElo "1843"]
[PlyCount "42"]
[EventDate "2014.10.10"]
[EventType "swiss"]
[EventRounds "5"]
[EventCountry "SCO"]
[SourceTitle "EXT 2017"]
[Source "ChessBase"]
[SourceDate "2016.10.25"]
[SourceVersion "1"]
[SourceVersionDate "2016.10.25"]
[SourceQuality "1"]

1. e4 e6 2. d4 d5 3. Nd2 Nf6 4. e5 Nfd7 5. Ngf3 c5 6. c3 Nc6 7. Bd3 Be7 8. 0-0 a5 9. Re1 cxd4 10. cxd4 g5 11. h3 h5 12. Nf1 g4 13. hxg4 hxg4 14. N3h2 Bb4 15. Bd2 Qh4 16. Qxg4 Bxd2 17. Qxh4 Rxh4 18. Nxd2 Rxd4 19. Ndf3 Rxd3 20. Ng4 Nd4 21. Ng5 Nc2 0-1